'B' 1 Million + Urban Areas Quiz Stats

Quiz not verified by Sporcle

Challenge
Share
Tweet
Embed
Score 0/34 Timer 08:00
0 Plays Today
Hint Answer % Correct
19,277,000Beijing
96.9%
4,499,000Boston
92%
4,006,000Berlin
91.1%
13,913,000Buenos Aires
90.2%
2,448,000Birmingham
90.2%
8,188,000Bogota
87.9%
2,426,000Brasilia
86.6%
4,656,000Barcelona
86.6%
14,910,000Bangkok
84.8%
1,724,000Budapest
84.4%
1,932,000Bucharest
83.5%
2,257,000Baltimore
80.8%
1,932,000Brisbane
78.6%
9,330,000Bangalore
78.6%
6,534,000Baghdad
77.7%
4,486,000Belo Horizonte
73.7%
2,072,000Brussels
73.2%
Hint Answer % Correct
3,975,000Busan
67%
1,124,000Belgrade
62.9%
2,288,000Bamako
61.6%
2,129,000Baku
58%
1,945,000Belem
54%
5,764,000Bandung
53.6%
2,053,000Beirut
52.2%
1,729,000Brazzaville
47.3%
1,719,000Bursa
35.7%
2,001,000Bhopal
35.3%
1,692,000Barranquilla
34.8%
1,481,000Benin City
29.9%
1,001,000Basrah
28.1%
1,164,000Bhilai
19.6%
2,104,000Baotou
17%
1,361,000Baoding
10.3%
1,044,000Bareilly
4.9%

You're not logged in!

Compare scores with friends on all Sporcle quizzes.
Sign Up with Email
OR
Log In

You Might Also Like...

Show Comments

Extras

Top Quizzes Today


Score Distribution

Your Account Isn't Verified!

In order to create a playlist on Sporcle, you need to verify the email address you used during registration. Go to your Sporcle Settings to finish the process.

Report this User

Report this user for behavior that violates our Community Guidelines.

Details: